00961nam a22002297a 4500999001700000003000900017008004100026040007100067082001800138100001800156245005300174260004200227300002700269505019800296650002000494650002000514650002400534700003900558942001600597945002000613952009800633 c16733d16733AR-CdUCM190325b ||||| |||| 00| 0 spa d aMUNICIPALIDAD PROVINCIAL DEL CUSCOcBIBLIOTECA MUNICIPAL DEL CUSCO a338.19 /bM27 aMason, Edwar  aAyuda económica y política internacional / aBuenos Aires :bPlaza y janes,c1964. a98 páginas ;c19 cm. aContenido : La ayuda como instrumento de política exterior -- Ayuda exterior: En busca de una explicación racional -- El problema del reparto equitativo de la carga de la ayuda exterior ... aEconomía9382 aPolítica9291 aInternacional94041 aSanchez Atanasio (Traductor)91172 2ddccLIBROS arahd04/05/2019 002ddc4070aSHbSHcCARTd2019-05-04g25.00o338.19 / M27pSH0000011732r2019-05-04yLIBROS